West Asian/Middle Eastern Dictators - Statistics

General Stats
  • This quiz has been taken 60 times
    46 since last reset
  • The average score is 10 of 13
Answer Stats
Dictator Country % Correct
Saddam Hussein Abd al-Majid al-Tikrit Iraq
100%
Hafez Al-Assad Syria
95%
Sayyid Ali Hosseini Khamenei Iran
92%
Abdullah bin Abdulaziz Al-Saud Saudi Arabia
92%
Mustafa Kemal Atatürk Turkey
92%
Ilham Aliyev Azerbaijan
74%
Muhammad Hosni El Sayed Mubarak Egypt
69%
Khalifa bin Zayed bin Sultan Al Nahyan United Arab Emirates
69%
Hamad Bin Khalifa Al-Thani Qatar
67%
Enver Pasha, Taalat Pasha and Djemal Pasha Ottoman Empire
64%
Hamad Bin Isa Al-Khalifa Bahrain
62%
Eduard Shevardnadze Georgia
59%
Abd Al Hadi Yemen
51%
No matching quizzes found
Score Distribution
Percent of People with Each Score
Percentile by Number Answered
Your Score History
You have not taken this quiz since the last reset